000 nam a22 7a 4500
999 _c7590
_d7590
008 170921b xxu||||| |||| 00| 0 eng d
100 _94100
_aMehta.N.
245 _aChocolate Recipies
260 _aNew delhi
_bSNAB
_c2009